000 00529nam a2200205Ia 4500
003 GCL
008 140319s9999 xx 000 0 eng d
040 _aGCL /
_cGCL
082 0 4 _a192
_bL T
100 1 _aLOCKE, JOHN L
245 1 0 _aTRAITE DU GOUVERNMENT CIVIL /
_cLOCKE, JOHN L
700 1 _aMAZEL, DAVID
260 _a[S.N] :
_bGF - FLAMMARION ،
_c1992
300 _a381 P
650 0 4 _aKNOWLEDGE
650 0 4 _aENGLISH PHILOSOPHY
650 0 4 _aTHEORY - RELIGION
650 0 4 _aLOCKE, JOHN 1632-1704
942 _2ddc
_cBK
999 _c16207
_d16207